| Tag |
First Indicator |
Second Indicator |
Subfields |
| LEADER |
00000pam a2200000 a 4500 |
| 001 |
in00000086189 |
| 005 |
20151008062605.0 |
| 008 |
820212s1982 nyuaf b 00110beng |
| 010 |
|
|
|a 82001065
|
| 020 |
|
|
|a 0878513043
|
| 035 |
|
|
|a (OCoLC)08219365
|
| 035 |
|
|
|9 AAK0545AM
|
| 039 |
0 |
|
|a 2
|b 3
|c 3
|d 3
|e 3
|
| 040 |
|
|
|a DLC
|c DLC
|d UtOrBLW
|
| 043 |
|
|
|a n-us---
|
| 049 |
|
|
|a TXAM
|c [1000032]
|
| 050 |
0 |
0 |
|a E745 M37
|b M67 1982
|
| 082 |
0 |
|
|a 973.918/092/4
|a B
|2 19
|
| 100 |
1 |
|
|a Mosley, Leonard,
|d 1913-1992.
|
| 245 |
1 |
0 |
|a Marshall, hero for our times /
|c Leonard Mosley.
|
| 264 |
|
1 |
|a New York :
|b Hearst Books,
|c [1982]
|
| 264 |
|
4 |
|c ©1982
|
| 300 |
|
|
|a xxi, 570 pages, 16 unnumbered pages of plates :
|b illustrations ;
|c 25 cm.
|
| 336 |
|
|
|a text
|b txt
|2 rdacontent
|
| 337 |
|
|
|a unmediated
|b n
|2 rdamedia
|
| 338 |
|
|
|a volume
|b nc
|2 rdacarrier
|
| 504 |
|
|
|a Includes bibliographical references and index.
|
| 600 |
1 |
0 |
|a Marshall, George C.
|q (George Catlett),
|d 1880-1959.
|
| 610 |
1 |
0 |
|a United States.
|b Army
|v Biography.
|
| 650 |
|
0 |
|a Generals
|z United States
|v Biography.
|
| 651 |
|
0 |
|a United States
|x History, Military
|y 20th century.
|
| 999 |
|
|
|a MARS
|
| 999 |
f |
f |
|s ba752fac-f518-3f86-bddc-2ac456456f03
|i c628baad-8af0-3107-8b53-5136ce7ad9f2
|t 0
|
| 952 |
f |
f |
|p ric
|a Texas A&M University
|b Rellis Campus
|c Joint Library Facility
|d Remote Storage
|t 0
|e E745 M37 M67 1982
|h Library of Congress classification
|i unmediated -- volume
|m A14807314148
|
| 998 |
f |
f |
|a E745 M37 M67 1982
|t 0
|l Remote Storage
|